Atomic state / (Record no. 170495)

MARC details
000 -LEADER
fixed length control field 00654nam a2200193 4500
005 - DATE AND TIME OF LATEST TRANSACTION
control field 20191216172508.0
010 ## - LCCN (DPL NO)
LC control number ENG-127161
020 ## - INTERNATIONAL STANDARD BOOK NUMBER
International Standard Book Number 9788178245485
Terms of availability 595.00
035 ## - SYSTEM CONTROL NUMBER
System control number EN-110693
037 ## - SOURCE OF ACQUISITION
Source of stock number/acquisition DBAD/PUB
082 ## - DEWEY DECIMAL CLASSIFICATION NUMBER
Classification number 539.709
100 ## - MAIN ENTRY--PERSONAL NAME
Personal name Phalkey, Jahnavi
245 ## - TITLE STATEMENT
Title Atomic state /
Statement of responsibility, etc by Jahnavi Phalkey
Remainder of title big science in twentieth-century India /
260 ## - PUBLICATION, DISTRIBUTION, ETC. (IMPRINT)
Place of publication, distribution, etc Ranikhet
Name of publisher, distributor, etc Permanent Black
Date of publication, distribution, etc 2013
270 ## - ADDRESS
Address Himalayana, Mall Road, Ranikhet Cantt
City Ranikhet
Postal code 263645
Electronic mail address perblack@gmail.com
300 ## - PHYSICAL DESCRIPTION
Extent xvii;335p .
Dimensions 21cm(pbk)
500 ## - GENERAL NOTE
General note Includes bibliographical references and index
942 ## - ADDED ENTRY ELEMENTS (KOHA)
Source of classification or shelving scheme Dewey Decimal Classification
Item type English Books
Classification part 539.709
Call number suffix PHA
Holdings
Withdrawn status Lost status Not for loan Collection code Home library Current library Date acquired Source of acquisition Cost, normal purchase price Full call number Barcode Copy number Cost, replacement price Koha item type
      Non-fiction Central Library Central Library 16/12/2019 DBAD/PUB 595.00 539.709 PHA EN-110693 1 595.00 English Books

© Delhi Public Library
Hit Counter
free hit counter